Municípios do Espírito Santo - Statistics

Estatísticas Gerais
  • Esse quiz foi jogado 39 vezes
  • A pontuação média é 49 de 78
Estatísticas das Respostas
Dica Município % Correto
VVe Vila Velha
97%
Vit Vitória
97%
CIt Cachoeiro de Itapemirim
93%
Col Colatina
90%
Lin Linhares
90%
Grp Guarapari
86%
Ara Aracruz
83%
Ale Alegre
79%
Car Cariacica
79%
DoM Domingos Martins
79%
Guç Guaçuí
79%
Itp Itapemirim
79%
Piu Piúma
79%
Ser Serra
79%
VNI Venda Nova do Imigrante
79%
Bre Brejetuba
76%
Cas Castelo
76%
Fun Fundão
76%
Ico Iconha
76%
NVe Nova Venécia
76%
SMa São Mateus
76%
Via Viana
76%
AfC Afonso Cláudio
72%
Anc Anchieta
72%
AtV Atílio Vivácqua
69%
Eco Ecoporanga
69%
Iba Ibatiba
69%
Iun Iúna
69%
Muq Muqui
69%
AgB Águia Branca
66%
BxG Baixo Guandu
66%
BoE Boa Esperança
66%
BJN Bom Jesus do Norte
66%
JMo Jerônimo Monteiro
66%
Mim Mimoso do Sul
66%
Pan Pancas
66%
PKe Presidente Kennedy
66%
SMJ Santa Maria de Jetibá
66%
STe Santa Teresa
66%
Alf Alfredo Chaves
62%
BSF Barra de São Francisco
62%
Jag Jaguaré
62%
JNe João Neiva
62%
Mon Montanha
62%
SLe Santa Leopoldina
62%
Soo Sooretama
62%
CBa Conceição da Barra
59%
MFl Marechal Floriano
59%
Api Apiacá
55%
Iru Irupi
55%
Itg Itaguaçu
55%
Pin Pinheiros
55%
RBa Rio Bananal
55%
ADN Água Doce do Norte
52%
Ibt Ibitirama
52%
SGP São Gabriel da Palha
52%
CCa Conceição do Castelo
48%
DSL Divino de São Lourenço
48%
DRP Dores do Rio Preto
48%
Itr Itarana
48%
Man Mantenópolis
48%
MFr Muniz Freire
48%
PCa Pedro Canário
48%
VAl Vargem Alta
48%
VVa Vila Valério
48%
GLi Governador Lindenberg
45%
Mrl Marilândia
45%
SJC São José do Calçado
45%
Ibr Ibiraçu
41%
LTe Laranja da Terra
41%
Mrt Marataízes
41%
RNS Rio Novo do Sul
41%
SDN São Domingos do Norte
41%
SRC São Roque do Canaã
41%
VPv Vila Pavão
41%
ARN Alto Rio Novo
38%
Muc Mucurici
38%
PBe Ponto Belo
34%
Nenhum quiz correspondente encontrado
Distribuição das Pontuações
Porcentagem de Pessoas com Cada Pontuação
Percentil de Números Respondidos
Sua Pontuação Histórica
Você não jogou esse quiz